Educación física: propuestas para el cambio

Saved in:
Bibliographic Details
Main Author: Tabernero Sánchez, Belén (Author)
Format: Book
Language:Spanish
Published: Barcelona Paidotribo 2003
Subjects:
Tags: Add Tag
No Tags, Be the first to tag this record!

MARC

LEADER 00000nam a2200000 a 4500
001 UCL6351
003 CL-VaPUC
008 040402e20030000SP |||||||||||||||||spa|d
020 |a 8480197064 
082 0 4 |a 372.86  |b TAB  |2 21 
100 0 |a Tabernero Sánchez, Belén  |e author  |9 484008 
245 1 0 |a Educación física: propuestas para el cambio 
300 |a 324 p 
942 |c BK 
945 |d 20040402 00:00:00  |a cmena 
260 |a Barcelona  |b Paidotribo  |c 2003 
650 0 |a Educación física  |9 240893 
650 0 |a Educación básica   |9 224933 
650 0 |a Planificación del currículo  |9 269599 
650 0 |a Innovaciones pedagógicas  |9 307471 
583 |a last modification  |c 20040402 00:00:00  |k Rodrigo Vera 
999 |c 308463  |d 308461 
952 |0 0  |1 0  |4 0  |6 372_860000000000000_TAB_2003  |7 0  |8 A  |9 375003  |a BIBEDU  |b BIBEDU  |d 2019-11-21  |i 4001958  |o 372.86 TAB 2003  |p 4001958  |r 2019-11-21  |w 2019-11-21  |y BK  |k EFI 
952 |0 0  |1 0  |4 0  |6 372_860000000000000_TAB_2003  |7 0  |8 A  |9 375004  |a BIBEDU  |b BIBEDU  |d 2019-11-21  |i 4001966  |o 372.86 TAB 2003  |p 4001966  |r 2019-11-21  |w 2019-11-21  |y BK  |k EFI